Biochemical engineering VI

I tiakina i:
Ngā taipitopito rārangi puna kōrero
Ngā kaituhi matua: Goldstein, Walter E (Author), Di Biasio, David (Author), Pedersen, Henrik (Author)
Hōputu: Pukapuka
Reo:Ingarihi
I whakaputaina: Nueva York The New York Academy of Sciences 1990
Rangatū:Annals of The New York Academy of Sciences, 589
Ngā marau:
Ngā Tūtohu: Tāpirihia he Tūtohu
Kāore He Tūtohu, Me noho koe te mea tuatahi ki te tūtohu i tēnei pūkete!

MARC

LEADER 00000nam a2200000 a 4500
001 UCG0908
003 CL-VaPUC
005 20240821114649.0
008 100415e19900000us 1 eng d
020 |a 0897665619 
082 0 4 |a 660.63  |b GOL  |2 21 
100 1 |a Goldstein, Walter E  |e author  |9 621525 
700 1 |a Di Biasio, David  |e author  |9 621526 
700 1 |a Pedersen, Henrik  |e author  |9 621527 
245 1 0 |a Biochemical engineering VI 
260 |a Nueva York  |b The New York Academy of Sciences  |c 1990 
300 |a 715 p 
490 0 |a Annals of The New York Academy of Sciences, 589 
583 |a last modification  |c 20190908 07:17:39  |k Rodrigo Vera 
650 0 0 |a Bioquímica   |9 259492 
650 0 0 |a Genética  |9 259443 
650 0 0 |a Cinética  |9 260943 
650 0 0 |a Enzimas  |9 262984 
650 0 7 |a PROTEINAS  |2 CL-VaPUC  |9 621528 
650 0 7 |a BIOREACTORES  |2 CL-VaPUC  |9 358346 
650 0 0 |a Bioprocesos  |9 456166 
650 0 0 |a Ingeniería bioquímica   |9 260241 
650 0 0 |a Congresos  |9 257560 
942 |c BK 
945 |a rbrito  |d 20100415 00:00:00 
546 |a En Inglés 
536 |a The New York Academy os Sciences 
518 |p Biochemical engineering conference, 6, Santa Barbara CA, 2-7 october 1988 
999 |c 384501  |d 384499 
952 |0 0  |1 0  |4 0  |6 660_630000000000000_GOL_1990  |7 0  |8 A  |9 507283  |a BIBCUR  |b BIBCUR  |d 2020-01-23  |i 4660722  |o 660.63 GOL 1990  |p 4660722  |r 2025-04-22  |w 2020-01-23  |y BK  |k QUI